Top 15 dei paesi con decessi Covid-19 - 15 settembre - Statistics

Statistiche generali
  • Questo quiz è stato fatto 4 volte
  • Il punteggio medio è 10 su 20
Statistiche sulle risposte
paese % Corretto
Brasile
100%
Francia
100%
India
100%
Italia
100%
Messico
100%
Spagna
100%
Stati Uniti
100%
Argentina
50%
Regno Unito
50%
Russia
50%
Belgio
25%
Cile
25%
Iran
25%
Panama
25%
Perù
25%
Sudafrica
25%
Bolivia
0%
Colombia
0%
Ecuador
0%
Svezia
0%
Nessun quiz corrispondente trovato
Distribuzione punteggi
Percentuale di utenti per punteggio
Percentile per numero di risposta
I tuoi punteggi nel tempo
Non hai fatto questo quiz